| 000 | 00634nam a22001577a 4500 | ||
|---|---|---|---|
| 003 | OSt | ||
| 005 | 20150914082921.0 | ||
| 008 | 150914b xxu||||| |||| 00| 0 eng d | ||
| 040 | _cRUA | ||
| 082 | _aAGR ROS 1998 B021 Or.1 | ||
| 100 |
_9417 _aROS, LIMHY. |
||
| 245 | _aTechniqes of soil and growing conditions improvement for tomatoes in the rainy season បច្ចេកទេសកែលំអដីនិងលក្ខខ័ណ្ឌដាំដុះសំរាប់ដំណាំប៉េងប៉ោះនៅរដូវវស្សា | ||
| 260 |
_aPhnom Penh _bRUA _c1998 |
||
| 300 |
_a53p. _bill. _c29cm. |
||
| 942 |
_2ddc _cAGR |
||
| 999 |
_c397 _d397 |
||